[Event "NRW Class2 1415"]
[Site "Germany"]
[Date "2014.11.16"]
[Round "3.1"]
[White "Rosen, Bernd"]
[Black "Kotainy, Jens"]
[Result "1-0"]
[WhiteElo "2277"]
[BlackElo "2335"]
[PlyCount "73"]
[EventDate "2014.09.14"]
[EventType "team-tourn"]
[EventRounds "9"]
[EventCountry "GER"]
[SourceTitle "EXT 2017"]
[Source "ChessBase"]
[SourceDate "2016.10.25"]
[SourceVersion "1"]
[SourceVersionDate "2016.10.25"]
[SourceQuality "1"]
[WhiteTeam "Katernberg II"]
[BlackTeam "Bochum SG II"]
[WhiteTeamCountry "GER"]
[BlackTeamCountry "GER"]

1. c4 e5 2. g3 Nf6 3. Bg2 Nc6 4. Nc3 Bc5 5. Nf3 0-0 6. 0-0 d6 7. a3 a5 8. d3 Bg4 9. h3 Bh5 10. g4 Bg6 11. Nh4 Rb8 12. Bg5 h6 13. Nxg6 fxg6 14. Bd2 Qd7 15. Nd5 b5 16. b4 axb4 17. axb4 Bd4 18. Ra6 Ne7 19. Nxe7+ Qxe7 20. c5 dxc5 21. e3 c4 22. exd4 exd4 23. Qe1 Qf7 24. Qe6 c3 25. Qxf7+ Rxf7 26. Bc1 c5 27. bxc5 b4 28. Bf4 Rb5 29. Rb6 Rxc5 30. Rxb4 Nd5 31. Bxd5 Rxd5 32. Bg3 Rf3 33. Rd1 c2 34. Rc1 Rxd3 35. Rxc2 Rd1+ 36. Kg2 d3 37. Rcc4 1-0

[Event "Bundesliga 1415"]
[Site "Germany"]
[Date "2014.11.09"]
[Round "4.8"]
[White "Rosen, Bernd"]
[Black "Hoffmann, Paul"]
[Result "1/2-1/2"]
[WhiteElo "2351"]
[BlackElo "2355"]
[PlyCount "100"]
[EventDate "2014.10.18"]
[EventType "team-tourn"]
[EventRounds "15"]
[EventCountry "GER"]
[SourceTitle "CBM 164"]
[Source "ChessBase"]
[SourceDate "2015.01.15"]
[SourceVersion "1"]
[SourceVersionDate "2015.01.15"]
[SourceQuality "1"]
[WhiteTeam "Katernberg"]
[BlackTeam "Dresden TU"]
[WhiteTeamCountry "GER"]
[BlackTeamCountry "GER"]

1. Nf3 Nf6 2. c4 c5 3. g3 Nc6 4. Bg2 g6 5. 0-0 Bg7 6. d4 cxd4 7. Nxd4 0-0 8. Nc3 Ng4 9. e3 Nge5 10. b3 d6 11. h3 Rb8 12. Bb2 a6 13. Nd5 Bd7 14. f4 Nxd4 15. Bxd4 Nc6 16. Bxg7 Kxg7 17. Qd2 f6 18. Rfd1 Be6 19. Rac1 Qd7 20. Kh2 Bxd5 21. cxd5 Na7 22. h4 Kg8 23. Bh3 f5 24. e4 Rbc8 25. exf5 gxf5 26. Qe3 Nb5 27. a4 Rxc1 28. Rxc1 Nc7 29. Bg2 Rd8 30. Bf3 Ne8 31. Kh3 Kf8 32. g4 Rc8 33. g5 Rxc1 34. Qxc1 e5 35. dxe6 Qxe6 36. Qc3 b6 37. b4 Ng7 38. a5 bxa5 39. bxa5 Ne8 40. Bb7 Qe2 41. Qh8+ Ke7 42. Qxh7+ Kd8 43. Qxf5 Qe3+ 44. Kh2 Qf2+ 45. Kh1 Qf1+ 46. Kh2 Qf2+ 47. Kh3 Qe3+ 48. Kg2 Qe2+ 49. Kg3 Qe1+ 50. Kg4 Qg1+ 1/2-1/2

[Event "Bundesliga 1415"]
[Site "Germany"]
[Date "2014.11.08"]
[Round "3.8"]
[White "Moreno Tejera, Emilio"]
[Black "Rosen, Bernd"]
[Result "1-0"]
[WhiteElo "2441"]
[BlackElo "2351"]
[PlyCount "81"]
[EventDate "2014.10.18"]
[EventType "team-tourn"]
[EventRounds "15"]
[EventCountry "GER"]
[SourceTitle "EXT 2015"]
[Source "ChessBase"]
[SourceDate "2014.11.20"]
[SourceVersion "1"]
[SourceVersionDate "2014.11.20"]
[SourceQuality "1"]
[WhiteTeam "Berlin SF"]
[BlackTeam "Katernberg"]
[WhiteTeamCountry "GER"]
[BlackTeamCountry "GER"]

1. e4 e6 2. d4 d5 3. Nc3 Nf6 4. e5 Nfd7 5. f4 c5 6. Nf3 Nc6 7. Be3 Rb8 8. Qd2 Qa5 9. a3 b5 10. Ra2 cxd4 11. Nxd4 Nxd4 12. Bxd4 a6 13. Bd3 Qc7 14. 0-0 Bc5 15. Ne2 0-0 16. b4 Bxd4+ 17. Nxd4 f6 18. Qe3 Nb6 19. Qh3 g6 20. Raa1 Nc4 21. Bxc4 Qxc4 22. Qe3 f5 23. Rfd1 Rb7 24. Rd3 Rc7 25. Rb1 Qa2 26. Rdb3 Rxc2 27. Nxc2 Qxc2 28. Rc1 Qe4 29. Rbc3 Qxe3+ 30. Rxe3 d4 31. Rd3 Rd8 32. Rc7 Kh8 33. Kf2 Kg8 34. Kg3 h6 35. Kf2 g5 36. Kg3 Kh8 37. fxg5 hxg5 38. h4 gxh4+ 39. Kxh4 Kg8 40. Kg5 Kf8 41. Kf6 1-0

[Event "NRW Class1 1314"]
[Site "Germany"]
[Date "2014.03.09"]
[Round "7.1"]
[White "Rosen, Bernd"]
[Black "Funke, Reinhard"]
[Result "1-0"]
[WhiteElo "2241"]
[BlackElo "2126"]
[PlyCount "89"]
[EventDate "2013.09.15"]
[EventType "team-tourn"]
[EventRounds "9"]
[EventCountry "GER"]
[SourceTitle "EXT 2015"]
[Source "ChessBase"]
[SourceDate "2014.11.20"]
[SourceVersion "1"]
[SourceVersionDate "2014.11.20"]
[SourceQuality "1"]
[WhiteTeam "Katernberg II"]
[BlackTeam "Suedlohn"]
[WhiteTeamCountry "GER"]
[BlackTeamCountry "GER"]

1. c4 e5 2. g3 Nf6 3. Bg2 Nc6 4. Nc3 Bb4 5. Nd5 Nxd5 6. cxd5 Ne7 7. Nf3 Bd6 8. e4 0-0 9. 0-0 c5 10. b4 cxb4 11. Bb2 f6 12. d4 Ng6 13. h4 exd4 14. Nxd4 Bc5 15. d6 Bxd6 16. Nf5 Be5 17. Bxe5 Nxe5 18. f4 Nf7 19. Qb3 d6 20. Qxb4 a5 21. Qd4 Ra6 22. Rab1 Rc6 23. Rf2 Qc7 24. Qd2 Rc5 25. Nd4 Bd7 26. Bf1 Re8 27. Bd3 b6 28. Rff1 d5 29. Rfe1 g6 30. Rbd1 dxe4 31. Rxe4 f5 32. Rxe8+ Bxe8 33. Ne6 Qd6 34. Nxc5 Qxc5+ 35. Qf2 Qd5 36. Be2 Qxa2 37. Bf3 Qb3 38. Rd2 b5 39. Bd5 Qc3 40. Re2 Kf8 41. Rc2 Qa1+ 42. Kg2 Qf6 43. Qa7 h6 44. Re2 Bc6 45. Qc5+ 1-0